000
00292nam a2200109Ia 4500
008
220204s9999 xx 000 0 und d
082
_a
681.31
_b
McC
100
_a
McClanahan, David
245
0
_a
Power builder 4 : A developer's guide
260
_a
New Delhi
_b
BPB Publications;1995
942
_c
BK
999
_c
41222
_d
41222